000 00569nam a2200229Ia 4500
003 OSt
005 20220924150141.0
006 a|||||r|||| 00| 0
007 ta
008 220923b |||||||| |||| 00| 0 tel d
024 _a331952
037 _cTextual
040 _aARTS
_cARTS
_btel
041 _2tel
_atel
082 _aO35,1x, N2
100 _aRajeswararao Gidugu
_9221363
245 0 _aRaaga veechikalu
260 _c1992
650 _aTELUGU POETRY
942 _hO35,1x, N2
_cTEXL
_2CC
999 _c462334
_d462334